000
00206 a2200097 4500
001
18971
100
_a
CASE J
245
_a
Strength of materials
260
_a
_b
Edward arnold
_c
1964
090
_c
14057
_d
14057
942
_a
NUST-CAE
_c
M
_c
4511
999
_c
254044
_d
254044